Statistics for 10 Closest capitals to Mount Everest

Click here to take the quiz!

General Stats

  • This quiz has been taken 30 times
  • The average score is 6 of 10

Answer Stats

DistanceAnswer% Correct
160kmKathmandu
96%
1466Islamabad
85%
1834Kabul
74%
955New Delhi
70%
274Thimphu
59%
1996Bishkek
59%
581Dhaka
56%
2052Dushanbe
52%
1955Vientiane
48%
1305Naypyidaw
44%

Score Distribution

Percentile by Number Answered

Percent of People with Each Score

Your Score History

You have not taken this quiz